01150nam a2200277 a 450000100100000000500170001000800410002702000180006804000130008610000400009924501300013926000280026930000280029749000390032549000320036450000590039650400570045550400540051250000320056670000330059870000330063183000450066483000380070995201100074799900150085700000177120200929145708.0090626s2007 es a 000 1 spa d a9788408077558 aDO-SdBNP1 aGarcía Delgado, José Luis9575910aEconomía del español :buna introducción /cJosé Luis García Delgado, José Antonio Alonso, Juan Carlos Jiménez. aMadrid :bAriel,c2007. a189 p. :bil. ;c23 cm.0 aValor económico del españolv10 aFundación Telefónicav2 aIncluye datos biográficos de los atures en la solapa aIncluye notas bibliográficas al pie de las paginas aIncluye referencias bibliográficas ([175]-189). aIncluye epílogo (167-173)1 aAlonso, José Antonio957601 aJiménez, Juan Carlos95761 0aValor económico del españoln195762 0aFundación telefónican295763 001052708MOaGRbGRcCTd2009-06-26iLF1l0o p1771-10r2020-06-25w2020-06-25y2ZPréstamo interno c1648d1648